[Event "Espalion Op"]
[Site "Espalion"]
[Date "2017.07.19"]
[Round "6.15"]
[White "Marie, Olivier"]
[Black "Dubois, Martine"]
[Result "0-1"]
[WhiteElo "1572"]
[BlackElo "1946"]
[PlyCount "80"]
[EventDate "2017.??.??"]

1. e4 c6 2. g3 d5 3. Bg2 dxe4 4. Bxe4 Nf6 5. Bd3 e5 6. Nc3 Bc5 7. Na4 Bxf2+ 8.
Kxf2 Qd4+ 9. Kf1 Qxa4 10. Qe2 e4 11. Bc4 Bg4 12. Bxf7+ Kxf7 13. Qe3 Qxc2 14. h3
Be6 15. Ke1 Nbd7 16. Rh2 Nc5 17. Re2 Nd3+ 18. Kf1 Nxc1 19. Rf2 Qd3+ 20. Kg2
Qxe3 21. dxe3 Nd3 22. Rd2 Rhd8 23. Kh2 Ne5 24. Rf2 Kg8 25. Kg2 Nd5 26. Re2 Rf8
27. a3 Nf3 28. Rd1 Nxg1 29. Rxg1 Rf3 30. Rge1 Raf8 31. g4 h5 32. gxh5 Bxh3+ 33.
Kg1 Bf1 34. Rh2 Nxe3 35. h6 Bd3 36. Rh4 Rf1+ 37. Rxf1 Rxf1+ 38. Kh2 Rf2+ 39.
Kg3 Rxb2 40. Kf4 Ng2+ 0-1

[Event "Espalion Op"]
[Site "Espalion"]
[Date "2017.07.19"]
[Round "6.16"]
[White "Joliez, Didier"]
[Black "Deceuninck, Andre"]
[Result "1-0"]
[WhiteElo "1901"]
[BlackElo "1578"]
[PlyCount "67"]
[EventDate "2017.??.??"]

1. e4 c5 2. Nf3 e6 3. d4 cxd4 4. Nxd4 a6 5. Nc3 Qc7 6. Be2 Nf6 7. O-O Nc6 8.
Be3 Be7 9. a3 b5 10. Kh1 Bb7 11. f4 d6 12. Nxc6 Bxc6 13. Bf3 O-O 14. Qe1 Qb7
15. Bd4 Nd7 16. Qg3 e5 17. Be3 Bf6 18. f5 Kh8 19. Rad1 Be7 20. Nd5 Bxd5 21.
Rxd5 Nf6 22. Rd3 Nxe4 23. Qg4 d5 24. Bxe4 dxe4 25. f6 gxf6 26. Rd7 Qc8 27. Qf5
Qe8 28. Bc5 Bxc5 29. Qxf6+ Kg8 30. Rf5 h6 31. Qxh6 Be3 32. Qxe3 f6 33. Qg3+ Kh8
34. Qg7# 1-0

[Event "Espalion Op"]
[Site "Espalion"]
[Date "2017.07.19"]
[Round "6.17"]
[White "Della Ragione, Enzo"]
[Black "Le Borgne, Romain"]
[Result "1/2-1/2"]
[WhiteElo "1705"]
[BlackElo "1853"]
[PlyCount "92"]
[EventDate "2017.??.??"]

1. c4 g6 2. g3 Bg7 3. Bg2 Nf6 4. Nf3 O-O 5. Nc3 d5 6. cxd5 Nxd5 7. Nxd5 Qxd5 8.
O-O Qb5 9. d3 Nc6 10. Rb1 Rd8 11. a3 Bf5 12. b4 Ne5 13. Nxe5 Bxe5 14. Bb2 Bxb2
15. Rxb2 Rab8 16. Qc2 Qe5 17. Rc1 c6 18. Qc3 Qxc3 19. Rxc3 Rdc8 20. Rbc2 a6 21.
e4 Bd7 22. f4 Kf8 23. Kf2 Ke8 24. d4 Kd8 25. h4 h5 26. Bf3 b5 27. Rc5 Kc7 28.
f5 Kb6 29. fxg6 fxg6 30. Rg5 Rg8 31. e5 e6 32. Be4 Rbf8+ 33. Ke3 Be8 34. Rg2
Rf1 35. Rf2 Rxf2 36. Kxf2 Kc7 37. g4 hxg4 38. Rxg4 Bf7 39. Rf4 Be8 40. Kg3 g5
41. hxg5 Rxg5+ 42. Rg4 Rxg4+ 43. Kxg4 Kd7 44. Kg5 Ke7 45. Bg6 Bd7 46. Bh5 Bc8
1/2-1/2

[Event "Espalion Op"]
[Site "Espalion"]
[Date "2017.07.19"]
[Round "6.18"]
[White "Labarrere, Daniel"]
[Black "Uliczny, Kevin"]
[Result "1/2-1/2"]
[WhiteElo "1816"]
[BlackElo "1690"]
[PlyCount "40"]
[EventDate "2017.??.??"]

1. d4 Nf6 2. Nf3 g6 3. c3 d5 4. Bg5 Bg7 5. e3 O-O 6. Nbd2 Bg4 7. Qb3 b6 8. Ne5
Bc8 9. Bd3 c5 10. Qd1 Bb7 11. a4 Nbd7 12. Ng4 Nxg4 13. Qxg4 h6 14. Bh4 Nf6 15.
Bxf6 Bxf6 16. Nf3 Bc8 17. Qg3 Be6 18. Bxg6 fxg6 19. Qxg6+ Kh8 20. Qxh6+ Kg8
1/2-1/2

[Event "Espalion Op"]
[Site "Espalion"]
[Date "2017.07.19"]
[Round "6.19"]
[White "Cavailles, Evan"]
[Black "Veschambre, Antoine"]
[Result "1/2-1/2"]
[WhiteElo "1806"]
[BlackElo "1682"]
[PlyCount "77"]
[EventDate "2017.??.??"]

1. e4 Nf6 2. e5 Nd5 3. d4 d6 4. c4 Nb6 5. exd6 exd6 6. Nc3 Be7 7. Bd3 Nc6 8.
Be3 O-O 9. b3 Re8 10. Nge2 Bf6 11. O-O Bg4 12. Qd2 Nb4 13. Nf4 Nxd3 14. Qxd3 g6
15. Rac1 a5 16. a4 Bg7 17. Nce2 Nd7 18. Ng3 Nf6 19. h3 Bc8 20. Nfe2 d5 21. c5
Ne4 22. f3 Nxg3 23. Nxg3 h5 24. Rce1 h4 25. Ne2 Bf5 26. Qd2 Ra6 27. Nc3 Rae6
28. Nb5 Bf6 29. Re2 Qe7 30. Rfe1 Bg5 31. Kf2 Bxe3+ 32. Rxe3 Qg5 33. Nc3 Qg3+
34. Kf1 Bxh3 35. gxh3 Qxh3+ 36. Kg1 Qg3+ 37. Kh1 Qh3+ 38. Kg1 Qg3+ 39. Kh1
1/2-1/2

[Event "Espalion Op"]
[Site "Espalion"]
[Date "2017.07.19"]
[Round "6.20"]
[White "Kozlowski, Thierry"]
[Black "Mourgues, Joelle"]
[Result "1-0"]
[WhiteElo "1951"]
[BlackElo "1624"]
[PlyCount "119"]
[EventDate "2017.??.??"]

1. d4 Nf6 2. c4 e6 3. a3 Be7 4. Nc3 a6 5. e4 d6 6. Bd3 e5 7. d5 O-O 8. h3 Nbd7
9. Be3 Nc5 10. Bc2 Rb8 11. b4 Ncd7 12. Ba4 Nb6 13. Bb3 c5 14. Nge2 Nbd7 15. Qd3
b6 16. g4 a5 17. b5 Kh8 18. Ng3 Ng8 19. Qd2 Ndf6 20. g5 Ne8 21. Nf5 Bxf5 22.
exf5 f6 23. h4 fxg5 24. hxg5 Rxf5 25. Bc2 Qd7 26. O-O-O h6 27. Bxf5 Qxf5 28.
Qd3 g6 29. Ne4 h5 30. Rh2 Ng7 31. Rdh1 Rf8 32. Rh3 Rf7 33. f3 Bf8 34. Qe2 Qd7
35. Ng3 Ne7 36. Ne4 Ng8 37. Qh2 Nf5 38. Bf2 Rh7 39. Kd2 Qe7 40. Kd3 a4 41. Be1
Qf7 42. Rf1 Bg7 43. Nc3 Qa7 44. Qc2 Nd4 45. Qxa4 Qd7 46. Rh4 Qf5+ 47. Ne4 Bf8
48. Qa6 Be7 49. Bd2 Bd8 50. Qa8 Rd7 51. Rf2 Qf7 52. f4 exf4 53. Rhxf4 Nf5 54.
Bc3+ Kh7 55. Qc8 Bc7 56. Ng3 Rd8 57. Rxf5 gxf5 58. Rxf5 Rxc8 59. Rxf7+ Kg6 60.
Rg7# 1-0

[Event "Espalion Op"]
[Site "Espalion"]
[Date "2017.07.19"]
[Round "6.21"]
[White "Crouzet, Emeric"]
[Black "Veschambre, Martin"]
[Result "1-0"]
[WhiteElo "1950"]
[BlackElo "1539"]
[PlyCount "53"]
[EventDate "2017.??.??"]

1. d4 e6 2. c4 b6 3. Nf3 Bb4+ 4. Bd2 Bxd2+ 5. Nbxd2 Bb7 6. g3 f5 7. Bg2 Nf6 8.
Nf1 O-O 9. Ne3 d6 10. d5 exd5 11. cxd5 Ne4 12. Nd4 Bc8 13. O-O Bd7 14. Nexf5
Bxf5 15. Nxf5 Rxf5 16. Bxe4 Re5 17. Qc2 h6 18. Rac1 Na6 19. f4 Re7 20. Bf5 Qe8
21. Rfe1 Re3 22. Be6+ Rxe6 23. dxe6 Qxe6 24. Qc4 Qxc4 25. Rxc4 Rd8 26. e4 c5
27. Ra4 1-0

[Event "Espalion Op"]
[Site "Espalion"]
[Date "2017.07.19"]
[Round "6.22"]
[White "Desai, Nilomi"]
[Black "Hadamard, Olivier"]
[Result "1-0"]
[WhiteElo "1502"]
[BlackElo "1906"]
[PlyCount "73"]
[EventDate "2017.??.??"]

1. d4 d5 2. Nf3 Nf6 3. c4 c6 4. g3 e6 5. Bg2 Bd6 6. O-O O-O 7. Qc2 Nbd7 8. Nbd2
h6 9. b3 a5 10. Bb2 Re8 11. Ne5 Qc7 12. Nd3 Nf8 13. Nf3 Ne4 14. Nfe5 f6 15. Nf3
Qe7 16. a3 Bd7 17. Rfc1 Rac8 18. Nd2 Ng5 19. e4 dxe4 20. Nxe4 Nxe4 21. Bxe4 g5
22. Qd2 Ra8 23. b4 axb4 24. axb4 f5 25. Bg2 Ng6 26. d5 cxd5 27. cxd5 e5 28. Nc5
b6 29. Nxd7 Bxb4 30. Qe3 Qxd7 31. Qxb6 Bd6 32. Rxa8 Rxa8 33. Rc6 Rb8 34. Qa6
Rd8 35. Ba3 Bxa3 36. Rxg6+ Kf8 37. Qf6+ 1-0

[Event "Espalion Op"]
[Site "Espalion"]
[Date "2017.07.19"]
[Round "6.23"]
[White "Breton, Vadim"]
[Black "Herrero, Alain"]
[Result "0-1"]
[WhiteElo "1412"]
[BlackElo "1673"]
[PlyCount "124"]
[EventDate "2017.??.??"]

1. e4 c5 2. c3 d5 3. e5 Bf5 4. d4 e6 5. Nf3 Nc6 6. Bb5 a6 7. Ba4 b5 8. Bc2 Bxc2
9. Qxc2 Rc8 10. Be3 cxd4 11. Bxd4 Nge7 12. Nbd2 Nf5 13. Nb3 Nfxd4 14. Nbxd4
Nxd4 15. Nxd4 Qg5 16. O-O Qxe5 17. Qd3 Bc5 18. Rfe1 Qc7 19. Nf3 O-O 20. Ng5 g6
21. Qh3 h5 22. Qd3 (22. g4 Qf4) 22... Rfe8 23. a4 Qf4 24. Nh3 Qc4 25. Qc2 b4
26. Re5 Bd4 27. Rg5 bxc3 28. b3 Qc7 29. Rd1 Bg7 30. Rd3 d4 31. Kh1 e5 32. f3
Qd6 33. Nf2 f5 34. g4 Bh6 35. gxf5 Bxg5 36. Ne4 Qe7 37. fxg6 Be3 38. Kg2 Qe6
39. Kh1 Qxg6 40. Rd1 Rf8 41. b4 Rxf3 42. Qa2+ Kh7 43. Qc2 Rf2 44. Ng5+ Bxg5 45.
Qxf2 Qe4+ 46. Qg2 Qxg2+ 47. Kxg2 c2 48. Re1 c1=Q 49. Rxc1 Rxc1 50. Kf3 Rb1 51.
h4 Bxh4 52. a5 Rxb4 53. Ke2 e4 54. Kd2 Bg5+ 55. Ke2 Rb2+ 56. Kd1 d3 57. Ke1 d2+
(57... Be3 58. Kf1 Rc2 59. Ke1 Rc1#) 58. Ke2 Rb1 59. Kf2 d1=Q 60. Kg3 Qd3+ 61.
Kf2 Rb2+ 62. Ke1 Qe2# 0-1

[Event "Espalion Op"]
[Site "Espalion"]
[Date "2017.07.19"]
[Round "6.24"]
[White "Menardo, Philippe"]
[Black "Boulier, Rene"]
[Result "1-0"]
[WhiteElo "1631"]
[BlackElo "1608"]
[PlyCount "132"]
[EventDate "2017.??.??"]

1. c4 Nf6 2. Nc3 c5 3. Nf3 Nc6 4. g3 b6 5. Bg2 Bb7 6. O-O d6 7. d4 Nxd4 8. Nxd4
Bxg2 9. Kxg2 cxd4 10. Qxd4 g6 11. e4 Bg7 12. f4 O-O 13. Qd3 Rc8 14. b3 Qc7 15.
Bb2 Qb7 16. Rf2 Rfd8 17. Kg1 e6 18. Rd1 a6 19. Rfd2 Qc7 20. Ba3 Bf8 21. Qe2 h5
22. Rd3 b5 23. cxb5 axb5 24. Nxb5 Qb6+ 25. Re3 Ng4 26. Bc1 Rxc1 27. Rxc1 Qxe3+
28. Qxe3 Nxe3 29. h3 d5 30. Kf2 d4 31. Nxd4 Rxd4 32. Kxe3 Rb4 33. e5 Kg7 34.
Kd3 Rb5 35. Rb1 Ba3 36. Re1 Rd5+ 37. Kc2 Kf8 38. Re4 Rc5+ 39. Kd3 Rc7 40. Ra4
Bc5 41. Rc4 Ke7 42. b4 Rd7+ 43. Ke2 Bg1 44. a4 Kd8 45. Rc1 Bd4 46. a5 Rc7 47.
Rd1 Rd7 48. Rc1 Bb2 49. Rc4 Rc7 50. Re4 Kc8 51. a6 Kb8 52. b5 Ba3 53. b6 Rc6
54. a7+ Kb7 55. Ra4 Rc8 56. Rxa3 Ka8 57. Kf3 Kb7 58. g4 Ra8 59. Rb3 hxg4+ 60.
Kxg4 Rh8 61. h4 Ka8 62. Kg5 Kb7 63. Rb2 Ka8 64. b7+ Kxa7 65. b8=Q+ Rxb8 66.
Rxb8 Kxb8 1-0

[Event "Espalion Op"]
[Site "Espalion"]
[Date "2017.07.19"]
[Round "6.25"]
[White "Martinez, Felicien"]
[Black "Muratet Casadevall, Elias"]
[Result "0-1"]
[WhiteElo "1199"]
[BlackElo "1805"]
[PlyCount "98"]
[EventDate "2017.??.??"]

1. e4 Nf6 2. e5 Nd5 3. d4 d6 4. c4 Nb6 5. exd6 cxd6 6. Nf3 g6 7. Nc3 Bg7 8. Be3
O-O 9. Qd2 Bg4 10. c5 dxc5 11. dxc5 Qxd2+ 12. Kxd2 Rd8+ 13. Kc2 Nd5 14. Nxd5
Rxd5 15. Bc4 Rd8 16. Nh4 Nc6 17. h3 Bd7 18. Rad1 Bf6 19. Nf3 Rac8 20. a3 Na5
21. Ba2 b6 22. Rd2 bxc5 23. Rhd1 Bf5+ 24. Kc1 Rxd2 25. Rxd2 c4 26. Nd4 c3 27.
Rd1 cxb2+ 28. Kxb2 Rc2+ 29. Ka1 Nc6 30. Bd5 Nxd4 31. Bxd4 Rxf2 32. Bxf6 exf6
33. Bf3 Be6 34. Rd3 Kg7 35. Rc3 a5 36. Kb1 a4 37. Bc6 Bb3 38. Bb5 Rxg2 39. Bc4
Bxc4 40. Rxc4 Rg3 41. Rxa4 Rxh3 42. Ra8 g5 43. Kc1 h5 44. Kd2 g4 45. a4 Ra3 46.
Ke2 h4 47. a5 h3 48. Kf2 Ra2+ 49. Kg1 g3 0-1

[Event "Espalion Op"]
[Site "Espalion"]
[Date "2017.07.19"]
[Round "6.26"]
[White "Huin, Eric"]
[Black "Pla, Jean"]
[Result "1-0"]
[WhiteElo "1801"]
[BlackElo "1356"]
[PlyCount "111"]
[EventDate "2017.??.??"]

1. e4 d6 2. f4 e6 3. Nf3 Be7 4. d4 Nd7 5. Nc3 c5 6. Be3 b6 7. Qd2 Ngf6 8. O-O-O
O-O 9. h3 Bb7 10. Bd3 a6 11. d5 exd5 12. exd5 Nxd5 13. Nxd5 Bxd5 14. Bxh7+ Kxh7
15. Qxd5 f5 16. g4 g6 17. gxf5 Rxf5 18. Qd3 Qg8 19. Kb1 b5 20. Qe4 Re8 21. Qb7
Nb8 22. Rhg1 Qg7 23. Qe4 Qf7 24. Qb7 Qg7 25. h4 Bf6 26. Qxg7+ Kxg7 27. Bc1 d5
28. Ng5 Bxg5 29. hxg5 Nc6 30. c3 Nd8 31. Rge1 Ne6 32. Re2 Kf7 33. Rde1 c4 34.
Re5 Rxe5 35. Rxe5 Nc7 36. Re3 Rxe3 37. Bxe3 Ke6 38. Kc2 Kf5 39. b3 Ne6 40. Kb2
Nxf4 41. Bxf4 Kxf4 42. Ka3 a5 43. Kb2 Kxg5 44. a4 Kf5 (44... bxa4 45. b4 axb4
46. cxb4 d4 47. b5 c3+ 48. Kc2 a3 $19) 45. axb5 Ke6 46. Ka3 Kd6 47. bxc4 dxc4
48. Ka4 Kc7 49. Kxa5 Kb7 50. Kb4 g5 51. Kxc4 g4 52. Kd3 g3 53. Ke2 g2 54. Kf2
g1=Q+ 55. Kxg1 Kb6 56. c4 1-0

[Event "Espalion Op"]
[Site "Espalion"]
[Date "2017.07.19"]
[Round "6.27"]
[White "Saya, Ethan"]
[Black "Lemaire, Frederic"]
[Result "1-0"]
[WhiteElo "1775"]
[BlackElo "1486"]
[PlyCount "58"]
[EventDate "2017.??.??"]

1. e4 e5 2. Nf3 Nc6 3. Bc4 Bc5 4. c3 Nf6 5. d3 h6 6. O-O O-O 7. Re1 d6 8. Nbd2
a6 9. Bb3 b5 10. Nf1 a5 11. Ng3 a4 12. Bc2 Ng4 13. d4 exd4 14. cxd4 Bb6 15. h3
Nf6 16. e5 dxe5 17. dxe5 Qxd1 18. Rxd1 Nd7 19. Be4 Ra5 20. Bxc6 Nb8 21. Be4 b4
22. Bd2 c5 23. a3 Re8 24. axb4 Ra7 25. Be3 Nd7 26. Bc6 Re7 27. Bxd7 Bxd7 28.
Bxc5 Bxc5 29. bxc5 Ra5 1-0

[Event "Espalion Op"]
[Site "Espalion"]
[Date "2017.07.19"]
[Round "6.28"]
[White "Duvette, Michel"]
[Black "Verat-Fayolle, Celian"]
[Result "0-1"]
[WhiteElo "1412"]
[BlackElo "1678"]
[PlyCount "66"]
[EventDate "2017.??.??"]

1. d4 d5 2. Bf4 e6 3. c3 c5 4. e3 Nf6 5. Nf3 Nc6 6. Nbd2 Be7 7. Bd3 O-O 8. Ne5
Bd6 9. Ndf3 Qc7 10. Qe2 c4 11. Bc2 Nd7 12. Bxh7+ Kxh7 13. Ng5+ Kg8 14. Qh5 Nf6
15. Qf3 Nxe5 16. Bxe5 Bxe5 17. dxe5 Qxe5 18. h4 Qf5 19. Qxf5 exf5 20. O-O-O Be6
21. f3 f4 22. Nxe6 fxe6 23. exf4 Nh5 24. g4 Nxf4 25. Kc2 Ng2 26. Rd2 Ne3+ 27.
Kc1 Rxf3 28. Re2 e5 29. g5 d4 30. cxd4 exd4 31. Rhe1 Re8 32. Rh1 d3 33. Ree1
Rf2 0-1

[Event "Espalion Op"]
[Site "Espalion"]
[Date "2017.07.19"]
[Round "6.29"]
[White "Brun, Pierre"]
[Black "Muller-Moingt, Bastien"]
[Result "1-0"]
[WhiteElo "1353"]
[BlackElo "1114"]
[PlyCount "97"]
[EventDate "2017.??.??"]

1. Nf3 d5 2. c4 Nf6 3. g3 Bg4 4. Bg2 Bxf3 5. Bxf3 c6 6. cxd5 cxd5 7. O-O e5 8.
d3 h6 9. Qb3 b6 10. Nc3 d4 11. Bxa8 dxc3 12. Qxc3 Be7 13. Be3 O-O 14. Rac1 Ng4
15. Bd2 Nd7 16. Bf3 Ngf6 17. Qc7 Qxc7 18. Rxc7 a5 19. Be3 Bc5 20. Bxc5 Nxc5 21.
Bb7 Nxb7 22. Rxb7 Rc8 23. Rxb6 Rc2 24. Re1 e4 25. d4 Rd2 26. e3 Ng4 27. Rf1 Kf8
28. h3 Nf6 29. Rb1 Ke7 30. Rb5 a4 31. Ra5 Kd6 32. Rxa4 Kd5 33. Ra7 Ke6 34. a4
Rc2 35. a5 Rc8 36. b4 Rb8 37. b5 Nd7 38. b6 Kd6 39. b7 Kc7 40. a6 g5 41. Ra8 f6
42. d5 Nb6 43. d6+ Kxd6 44. Rxb8 Kc7 45. a7 f5 46. a8=Q Nxa8 47. bxa8=Q Kd7 48.
R1b6 Kc7 49. Qa7# 1-0

[Event "Espalion Op"]
[Site "Espalion"]
[Date "2017.07.19"]
[Round "6.30"]
[White "Saya, Yann"]
[Black "Callebaut, Katia"]
[Result "0-1"]
[WhiteElo "1199"]
[BlackElo "1296"]
[PlyCount "42"]
[EventDate "2017.??.??"]

1. e4 e5 2. Nf3 Nf6 3. Nc3 Nc6 4. Bc4 Bc5 5. d3 h6 6. Be3 Bxe3 7. fxe3 O-O 8.
Qe2 a6 9. O-O-O d6 10. d4 Qe7 11. d5 Na5 12. Bd3 Bd7 13. h3 Rfc8 14. b4 c5 15.
bxa5 c4 16. Bxc4 Qd8 17. Rhe1 Qxa5 18. g4 Qa3+ 19. Kb1 Qxc3 20. Kc1 Rxc4 21.
Qd2 Qa1# 0-1

[Event "Espalion Op"]
[Site "Espalion"]
[Date "2017.07.19"]
[Round "6.31"]
[White "Dewilde, Rudi"]
[Black "Regis, Pierre"]
[Result "1-0"]
[WhiteElo "1257"]
[BlackElo "1009"]
[PlyCount "31"]
[EventDate "2017.??.??"]

1. d4 Na6 2. c3 d6 3. Bf4 Be6 4. e3 f6 5. Qf3 h6 6. Qxb7 c6 7. Qxc6+ Kf7 8.
Qxa6 Rh7 9. Bd3 d5 10. Bxh7 g6 11. Qd3 f5 12. Bxg8+ Kxg8 13. g4 fxg4 14. Qxg6+
Kh8 15. Be5+ Bg7 16. Qxg7# 1-0

[Event "Espalion Op"]
[Site "Espalion"]
[Date "2017.07.19"]
[Round "6.32"]
[White "Regis, Gabriel"]
[Black "Brun, Emilie"]
[Result "0-1"]
[WhiteElo "1009"]
[BlackElo "1130"]
[PlyCount "52"]
[EventDate "2017.??.??"]

1. b4 e5 2. e4 Bxb4 3. c4 Nf6 4. Bb2 Nxe4 5. Bd3 Nc5 6. Nf3 e4 7. O-O exd3 8.
Qe1+ Qe7 9. Qxe7+ Kxe7 10. Bxg7 Rg8 11. Ne5 Rxg7 12. Nc3 Bxc3 13. Rac1 Bxe5 14.
Rc3 Bxc3 15. a3 Nb3 16. h3 Nxd2 17. a4 Nxf1 18. Kxf1 Nc6 19. a5 Nd4 20. a6 bxa6
21. h4 Bb7 22. h5 Rxg2 23. f3 Bxf3 24. h6 Ra2 25. Kg1 Rb8 26. Kf1 Rb1# 0-1

[Event "Espalion Op"]
[Site "?"]
[Date "2017.07.20"]
[Round "7.1"]
[White "Flear, Glenn C"]
[Black "Cornette, Matthieu"]
[Result "1/2-1/2"]
[WhiteElo "2455"]
[BlackElo "2606"]
[PlyCount "119"]
[EventDate "2017.??.??"]

1. d4 d6 2. c4 e5 3. d5 Be7 4. Nc3 Bg5 5. e3 f5 6. Nf3 Bh6 7. e4 Bxc1 8. Rxc1
fxe4 9. Nxe4 Nf6 10. Nfd2 O-O 11. Bd3 Bf5 12. Qe2 Nbd7 13. O-O a5 14. Rc3 g6
15. Ng3 Bxd3 16. Rxd3 Nc5 17. Re3 c6 18. dxc6 bxc6 19. Nde4 Ne6 20. Qd2 Nd4 21.
f4 Ng4 22. Ree1 c5 23. h3 exf4 24. Rxf4 Ne5 25. Ref1 Qe7 26. Rxf8+ Rxf8 27.
Rxf8+ Qxf8 28. Qxa5 h5 29. h4 Nxc4 30. Qa6 Ne3 31. Nxd6 c4 32. Qc8 Qxc8 33.
Nxc8 Nd1 34. Nd6 Nxb2 35. Nde4 Nd1 36. Kf1 c3 37. Ke1 c2 38. Kd2 Ne3 39. Nc3
Nxg2 40. Nge2 Nc6 41. Kxc2 Nxh4 42. Nf4 Kg7 43. Ne4 Nf3 44. a4 h4 45. Kd3 Kh6
46. Ke3 Nfe5 47. Nf2 g5 48. Ng2 Kh5 49. Ke4 Nd7 50. Ne3 Kg6 51. Kd5 Na5 52. Kd6
Nf6 53. Kc5 Kh5 54. Kb5 Nb3 55. a5 Nxa5 56. Kxa5 g4 57. Nfxg4 Nxg4 58. Ng2 h3
59. Nf4+ Kh4 60. Nxh3 1/2-1/2

[Event "Espalion Op"]
[Site "Espalion"]
[Date "2017.07.20"]
[Round "7.2"]
[White "Menard, Baptiste"]
[Black "Libiszewski, Fabien"]
[Result "1/2-1/2"]
[WhiteElo "2167"]
[BlackElo "2542"]
[PlyCount "102"]
[EventDate "2017.??.??"]

1. e4 e6 2. d4 d5 3. Bd3 c5 4. exd5 exd5 5. Nf3 Nc6 6. O-O cxd4 7. Re1+ Be7 8.
Nbd2 Bg4 9. Nb3 Nf6 10. h3 Bh5 11. g4 Bg6 12. Nfxd4 O-O 13. Nf5 Ne4 14. Bxe4
dxe4 15. Qxd8 Raxd8 16. Rxe4 Bf6 17. c3 Bxf5 18. gxf5 Rd5 19. Be3 Rxf5 20. Rd1
Rb5 21. Rd7 Ne5 22. Rc7 Nd3 23. c4 Rb4 24. Rd7 Ne5 25. Rc7 b6 26. Rxa7 Rxc4 27.
Rxc4 Nxc4 28. Rb7 Nxe3 29. fxe3 Bg5 30. Kf2 Re8 31. e4 h5 32. Kf3 Re6 33. Nd4
Rf6+ 34. Ke2 Rf4 35. Rxb6 Rxe4+ 36. Kd3 Re3+ 37. Kc4 Rxh3 38. a4 Rh1 39. a5 Ra1
40. b4 h4 41. Nf3 Bf6 42. Rxf6 gxf6 43. Nxh4 Kf8 44. Kb5 Ke7 45. a6 Kd6 46.
Nf5+ Kc7 47. Ne7 Rd1 48. Kc5 Rc1+ 49. Kb5 Rd1 50. Kc5 Rc1+ 51. Kb5 Rd1 1/2-1/2

[Event "Espalion Op"]
[Site "Espalion"]
[Date "2017.07.20"]
[Round "7.3"]
[White "Sulava, Nenad"]
[Black "Verot, Melanie"]
[Result "1-0"]
[WhiteElo "2480"]
[BlackElo "2024"]
[PlyCount "61"]
[EventDate "2017.??.??"]

1. Nf3 d5 2. g3 Nf6 3. Bg2 g6 4. c4 c6 5. Qa4 Bg7 6. cxd5 Nxd5 7. O-O O-O 8.
Rd1 e5 9. d3 Nd7 10. Nbd2 Qe7 11. Qc2 Kh8 12. a3 f5 13. e4 N5b6 14. exf5 gxf5
15. Re1 Qd6 16. Bf1 a5 17. Rb1 Nd5 18. b3 e4 19. dxe4 fxe4 20. Nxe4 Qg6 21. Nh4
Qh5 22. Be2 Qf7 23. Nf3 N7b6 24. Neg5 Qg8 25. Bd3 Nc3 26. Bxh7 Qd5 27. Nh4 Bf6
28. Ng6+ Kg7 29. Nxf8 Bf5 30. Nge6+ Kh8 31. Bxf5 1-0

[Event "Espalion Op"]
[Site "Espalion"]
[Date "2017.07.20"]
[Round "7.4"]
[White "Daulyte, Deimante"]
[Black "Genzling, Alain"]
[Result "0-1"]
[WhiteElo "2419"]
[BlackElo "2381"]
[PlyCount "98"]
[EventDate "2017.??.??"]

1. e4 c6 2. d4 d5 3. exd5 cxd5 4. Bd3 Nc6 5. c3 g6 6. Bf4 Bg7 7. Nf3 f6 8. O-O
Bg4 9. Re1 Qd7 10. b4 Nh6 11. Nbd2 O-O 12. h3 Bf5 13. Bf1 Nf7 14. Nb3 e5 15.
dxe5 fxe5 16. Nc5 Qc8 17. Bg3 e4 18. Nd4 Nxd4 19. cxd4 b6 20. Ba6 Qe8 21. Na4
Bc8 22. Bf1 Qe7 23. a3 Qf6 24. Qb3 Bb7 25. Rad1 h5 26. Nc3 h4 27. Bh2 Rad8 28.
Qa2 Kh7 29. Be2 Nh6 30. Rf1 Qg5 31. Qd2 Qxd2 32. Rxd2 Nf5 33. Rfd1 e3 34. fxe3
Nxe3 35. Re1 Rc8 36. Nb5 Rc2 37. Rxc2 Nxc2 38. Rd1 Ba6 39. Rd2 Nxa3 40. Nc3 Nb1
41. Bxa6 Nxd2 42. Nxd5 Bxd4+ 43. Kh1 Ne4 44. Bc7 Rf5 45. Ne7 Rf7 46. Nd5 Rd7
47. Bc4 b5 48. Ba2 Nc3 49. Nxc3 Bxc3 0-1

[Event "Espalion Op"]
[Site "Espalion"]
[Date "2017.07.20"]
[Round "7.6"]
[White "Muratet Casadevall, Albert"]
[Black "Israel, Gregory"]
[Result "1-0"]
[WhiteElo "2201"]
[BlackElo "2043"]
[PlyCount "115"]
[EventDate "2017.??.??"]

1. e4 c5 2. c3 d5 3. exd5 Qxd5 4. d4 Nf6 5. Nf3 Bg4 6. Be2 e6 7. O-O Nc6 8. h3
Bh5 9. Be3 cxd4 10. Nxd4 Bxe2 11. Qxe2 Be7 12. Rd1 Nxd4 13. Bxd4 Qc6 14. c4 O-O
15. Nc3 Rfd8 16. b3 Rd7 17. Rd3 Rad8 18. Rad1 b6 19. R1d2 h6 20. g4 Nh7 21. Be5
Rxd3 22. Rxd3 Rxd3 23. Qxd3 Ng5 24. Bf4 Nf3+ 25. Kf1 e5 26. Nd5 Qd6 27. Qxf3
exf4 28. Qxf4 Qa3 29. Qb8+ Kh7 30. Qc7 Bh4 31. Qxf7 Qxa2 32. Qf3 Qa1+ 33. Kg2
Qd4 34. Nf4 Qf6 35. Qd3+ Kg8 36. Qd5+ Kh8 37. Qa8+ Kh7 38. Qe4+ Kg8 39. Qe6+
Qxe6 40. Nxe6 Kf7 41. Nd4 Bf6 42. Nb5 a6 43. Nc7 a5 44. f4 Bd4 45. Kf3 Bg1 46.
Ke4 Bh2 47. Na8 Bg1 48. Kd5 h5 49. Kc6 hxg4 50. hxg4 Be3 51. Nxb6 Bxf4 52. Nd5
Bd2 53. Kd7 Be1 54. c5 Bg3 55. c6 Kg6 56. c7 Bxc7 57. Nxc7 Kg5 58. Ne6+ 1-0

[Event "Espalion Op"]
[Site "Espalion"]
[Date "2017.07.20"]
[Round "7.7"]
[White "Canivet, Arnaud"]
[Black "Flear, Christine"]
[Result "0-1"]
[WhiteElo "1760"]
[BlackElo "2078"]
[PlyCount "96"]
[EventDate "2017.??.??"]

1. c4 e6 2. g3 d5 3. Bg2 Nf6 4. d4 dxc4 5. e3 c6 6. Qc2 b5 7. a4 Nd5 8. axb5
cxb5 9. Bd2 Bb7 10. Nf3 Nc6 11. O-O Qb6 12. Nc3 Ndb4 13. Qb1 Na5 14. Na2 Nbc6
15. Nc1 Bb4 16. b3 cxb3 17. Nxb3 Nxb3 18. Qxb3 Bxd2 19. Nxd2 O-O 20. Rfb1 a6
21. Nc4 Qc7 22. Na3 Na5 23. Qb4 Bxg2 24. Kxg2 Qb7+ 25. f3 Nc6 26. Qc5 Rfc8 27.
Nxb5 Nd8 28. Nd6 Qxb1 29. Rxb1 Rxc5 30. dxc5 Kf8 31. Nb7 Rb8 32. c6 Nxc6 33.
Rb6 Nd8 34. Nc5 Rxb6 35. Nd7+ Ke7 36. Nxb6 Kd6 37. Kf2 Kc5 38. Nd7+ Kb4 39. Ke2
Kc3 40. e4 a5 41. Nb6 Nc6 42. f4 Nd4+ 43. Kd1 Kd3 44. e5 Nf3 45. h4 Nd2 46. g4
Nf3 47. h5 Ke4 48. Nc4 Kxf4 0-1

[Event "Espalion Op"]
[Site "Espalion"]
[Date "2017.07.20"]
[Round "7.8"]
[White "Estadieu, Romeo"]
[Black "Flaujac, Benoit"]
[Result "1/2-1/2"]
[WhiteElo "2049"]
[BlackElo "1809"]
[PlyCount "73"]
[EventDate "2017.??.??"]

1. d4 Nf6 2. c4 e6 3. Nc3 d5 4. cxd5 exd5 5. Bg5 Bb4 6. Qa4+ Nc6 7. e3 h6 8.
Bxf6 Qxf6 9. Bb5 Bxc3+ 10. bxc3 Bd7 11. Nf3 a6 12. Bd3 O-O 13. O-O Bg4 14. Ne5
Nxe5 15. dxe5 Qe6 16. c4 Qxe5 17. cxd5 Qxd5 18. Be4 Qd7 19. Qxd7 Bxd7 20. Bxb7
Ra7 21. Bf3 Rc8 22. Rfd1 c5 23. Bd5 Be6 24. Bxe6 fxe6 25. Rac1 c4 26. Rd4 c3
27. Rd3 Rb7 28. Kf1 c2 29. Ke2 Rc6 30. Rb3 Rd7 31. Rb2 Rdc7 32. Kd3 Rd7+ 33.
Ke2 Rdc7 34. a4 Kf7 35. a5 Rc5 36. Kd3 Rd5+ 37. Ke2 1/2-1/2

[Event "Espalion Op"]
[Site "Espalion"]
[Date "2017.07.20"]
[Round "7.9"]
[White "Lagunes, Jean-Renaud"]
[Black "Moingt, Jean-Claude"]
[Result "0-1"]
[WhiteElo "1951"]
[BlackElo "2155"]
[PlyCount "56"]
[EventDate "2017.??.??"]

1. e4 c5 2. Nf3 Nc6 3. Bb5 g6 4. Bxc6 bxc6 5. O-O Bg7 6. Re1 Nh6 7. c3 O-O 8.
d4 cxd4 9. cxd4 f5 10. Nc3 Nf7 11. exf5 gxf5 12. Bf4 e6 13. Na4 Ba6 14. b3 Re8
15. Nc5 Bc8 16. Rc1 d6 17. Na4 Bb7 18. Qc2 Rc8 19. Re3 c5 20. dxc5 e5 21. Rce1
Be4 22. Rxe4 fxe4 23. Rxe4 exf4 24. Rxf4 dxc5 25. h4 Qd5 26. Rf5 Qe4 27. Qxe4
Rxe4 28. Rxf7 Rxa4 0-1

[Event "Espalion Op"]
[Site "Espalion"]
[Date "2017.07.20"]
[Round "7.10"]
[White "Moingt, Anne"]
[Black "Grichkevitch, Gilles"]
[Result "0-1"]
[WhiteElo "2027"]
[BlackElo "1990"]
[PlyCount "56"]
[EventDate "2017.??.??"]

1. e4 c5 2. Nf3 e6 3. d4 cxd4 4. Nxd4 Nc6 5. Nc3 Nf6 6. Ndb5 d6 7. Bf4 e5 8.
Bg5 a6 9. Na3 b5 10. Nd5 Be7 11. Bxf6 Bxf6 12. c3 Bg5 13. Nc2 Ne7 14. Ncb4 O-O
15. Be2 a5 16. Nxe7+ Qxe7 17. Nd5 Qb7 18. Qd3 Rb8 19. Rd1 Be6 20. O-O Rfc8 21.
Qg3 Bd8 22. Rd2 f5 23. Qf3 Rc5 24. Rfd1 fxe4 25. Qxe4 Bg5 26. Rd4 Qf7 27. R4d3
Bf5 28. Qf3 e4 0-1